親愛酷爸爸
| 資料類型: | 圖書 | 書目號: | 35512 |
Leader xxxxxxxxxx 001 __ PCLIS00035512 005 __ 20220222154818.0 010 0_ |a986-133-084-4|b精裝|dNT$299 100 __ |a20051007d2005 m y0chiy09 e 101 0_ |achi 102 __ |atw 105 __ |aag z 000cd 200 1_ |a親愛酷爸爸|dMy cool daddy|f光禹作 205 __ |a典藏版 210 __ |a臺北市|c圓神出版|c叩應總經銷|d2005[民94] 215 0_ |a[8],287,[5]面|c圖,摺頁樂譜|d22公分|e1 CD 225 1_ |a光禹系列精裝典藏版|v002 225 1_ |a光禹系列|v2 510 1_ |aMy cool daddy|zeng 681 __ |a855|b865 681 __ |a855|b9020 88 700 _0 |a光禹|4作 801 _0 |atw|b內湖高中|20051007|gCCR |